[Event "VIII Festival A"]
[Site "Cesenatico ITA"]
[Date "2003.09.07"]
[Round "9"]
[White "Rossi, Giampiero"]
[Black "Bernardi, Ruben"]
[Result "1-0"]
[WhiteElo "2052"]
[BlackElo "2155"]
[PlyCount "47"]
[EventDate "2003.08.31"]

1. d4 d5 2. c4 c6 3. cxd5 cxd5 4. Nc3 Nc6 5. Bf4 Nf6 6. e3 Bf5 7. Nf3 e6 8. Qb3
Qb6 9. Bb5 Nd7 10. O-O a6 11. Bxc6 bxc6 12. Rfc1 g6 13. Qxb6 Nxb6 14. Bc7 Nc8
15. Na4 Kd7 16. Bg3 Bd3 17. Nc5+ Bxc5 18. Rxc5 Ne7 19. Rac1 Rhc8 20. Nd2 h5 21.
f3 Nf5 22. Bf2 Nd6 23. b3 Rab8 24. Bg3 {...} 1-0

[Event "VIII Festival A"]
[Site "Cesenatico ITA"]
[Date "2003.09.07"]
[Round "9"]
[White "Schuster, Karsten"]
[Black "Di Caro, Calogero"]
[Result "0-1"]
[WhiteElo "2246"]
[BlackElo "2221"]
[PlyCount "84"]
[EventDate "2003.08.31"]

1. d4 d6 2. Nf3 Bg4 3. Bf4 Bxf3 4. exf3 g6 5. c3 Nd7 6. Qb3 Rb8 7. Nd2 Bg7 8.
Bc4 e6 9. a4 Ngf6 10. O-O O-O 11. Bg5 d5 12. Be2 Qc8 13. Qa3 h6 14. Bh4 Nh5 15.
Rfe1 b6 16. Rac1 c5 17. Bb5 a6 18. Bf1 Qb7 19. Be7 Rfc8 20. Bd6 Ra8 21. g4 Nhf6
22. Nb3 Qc6 23. Bg3 c4 24. Nd2 Bf8 25. Qa1 b5 26. a5 Bd6 27. h3 g5 28. h4 Nf8
29. Be5 Bxe5 30. dxe5 N6d7 31. f4 gxf4 32. Nf3 Qc7 33. Rcd1 Ng6 34. Qc1 Kg7 35.
h5 Ndxe5 36. Nd4 Nh4 37. Bg2 Nxg4 38. Rxe6 f3 39. Rg6+ Nxg6 40. Nxf3 Nf4 41.
Qd2 Nd3 42. Rf1 Qf4 0-1

[Event "VIII Festival A"]
[Site "Cesenatico ITA"]
[Date "2003.09.07"]
[Round "9"]
[White "Strijkers, Niek"]
[Black "Castellano, Alfonso"]
[Result "1-0"]
[WhiteElo "2153"]
[BlackElo "1704"]
[PlyCount "79"]
[EventDate "2003.08.31"]

1. e4 c5 2. b3 Nf6 3. e5 Nd5 4. g3 d6 5. exd6 Qxd6 6. Bb2 Nc6 7. Bg2 e5 8. d3
Be7 9. Nd2 f6 10. Ngf3 Be6 11. O-O O-O 12. Re1 Rad8 13. Qe2 Rfe8 14. Rad1 Bf8
15. c3 Nb6 16. Ne4 Qc7 17. Qc2 Qf7 18. h4 Qh5 19. Qc1 Bg4 20. Qe3 Nd5 21. Qe2
f5 22. Ned2 e4 23. dxe4 Ne5 24. Qf1 fxe4 25. Nxe5 Bxd1 26. c4 Ne3 27. fxe3 Rxd2
28. Bc3 Rd6 29. Qf4 Rf6 30. Qxe4 Rfe6 31. Qd3 Bg4 32. Bd5 Bf5 33. e4 Bh3 34.
Qe3 Kh8 35. Bxe6 Rxe6 36. Qf3 Qe8 37. g4 Bd6 38. Nf7+ Kg8 39. Nxd6 Rxd6 40.
Qxh3 1-0

[Event "VIII Festival A"]
[Site "Cesenatico ITA"]
[Date "2003.09.07"]
[Round "9"]
[White "Tomescu, Vlad"]
[Black "Brancaleoni, Maurizio"]
[Result "1/2-1/2"]
[WhiteElo "2427"]
[BlackElo "2298"]
[PlyCount "24"]
[EventDate "2003.08.31"]

1. e4 d6 2. d4 Nf6 3. f3 e5 4. c4 exd4 5. Qxd4 Nc6 6. Qd1 g6 7. Nc3 Bg7 8. Bg5
O-O 9. Qd2 Be6 10. Bd3 Ne5 11. b3 c6 12. Nge2 d5 1/2-1/2